000 00721cam a2200217 a 4500
001 000013846
005 20240226135753.0
008 790305s1979 cu 001 0 spa
040 _aDO-SdBNP
_bspa
_cDLC
_dBNPHU
082 _a335. 97291
_bR696c
100 1 _aRodríguez, Carlos Rafael,
_d1913-1997
_919221
245 1 0 _aCuba en el tránsito al socialismo, 1959-1963 /
_cCarlos Rafael Rodríguez.
260 _aLa Habana, (Cuba) :
_bPolítica,
_c1979.
300 _a165 p. ;
_c19 cm.
650 4 _aSocialismo
_zCuba
_95958
651 4 _aCuba
_xPolítica Y Gobierno
_y1959-1963
_931361
651 4 _aCuba
_xPolítica Económica
_930926
651 4 _aCuba
_xHistoria
_9493
910 _aCatalogación derivada
049 _aBNGR
999 _c13456
_d13456